Les films d'animations Disney/Pixar - Statistiques

Statistiques générales
  • Ce quiz a été pris 2 921 fois
    497 depuis la dernière actualisation
  • Le résultat moyen est 86 sur 140
Statistiques - réponses
Année de sortie (FR) Titre du film % Correct
1938 Blanche-Neige et les sept nains
97%
1950 Cendrillon
95%
2002 Cendrillon 2
94%
2007 Le sortilège de Cendrillon
94%
1996 Toy Story
91%
2000 Toy Story 2
91%
2010 Toy Story 3
91%
2019 Toy Story 4
91%
2022 Buzz l'Éclair
90%
2026 Toy Story 5
90%
1992 La belle et la bête
89%
1998 La belle et la bête 2
89%
2010 Raiponce
89%
1959 La belle au bois dormant
88%
2013 La Reine des neiges
87%
2019 La reine des neiges 2
87%
2011 Cars 2
85%
2017 Cars 3
85%
2006 Cars
84%
2000 La petite sirène 2
84%
1994 Le Roi lion
84%
1999 Le Roi lion 2
84%
2004 Le Roi lion 3
84%
2008 Le secret de la petite sirène
84%
1990 La petite sirène
83%
1998 Mulan
82%
2004 Mulan 2
82%
2012 Rebelle
81%
2024 Vaiana 2
81%
2016 Vaiana, la légende du bout du monde
81%
2015 Vice-Versa
80%
2024 Vice-Versa 2
80%
1955 La belle et le clochard
78%
2001 La belle et le clochard 2
78%
2010 La Princesse et la Grenouille
78%
2016 Le monde de Dory
78%
1995 Pocahontas
77%
1999 Pocahontas 2
77%
2003 Le Monde de Némo
76%
1946 Fantasia
75%
1953 Peter Pan
75%
2002 Peter Pan 2
75%
1993 Aladdin
74%
1996 Aladdin et le roi des voleurs
74%
2000 Fantasia 2000
74%
1995 Le retour de Jafar
74%
2021 Encanto, la fantastique famille Madrigal
73%
1961 Les 101 dalmatiens
73%
2002 Les 101 dalmatiens 2
73%
2016 Zootopie
73%
2025 Zootopie 2
73%
2017 Coco
72%
1946 Pinocchio
72%
2006 Bambi 2
71%
1948 Bambi
70%
1947 Dumbo
70%
2007 Ratatouille
68%
2009 Là-haut
67%
2020 Soul
67%
1971 Les aristochats
66%
1968 Le livre de la jungle
65%
2003 Le livre de la jungle 2
65%
2004 Les indestructibles
65%
2018 Les indestructibles 2
65%
1951 Alice au pays des merveilles
64%
1991 Bernard et Bianca au pays des kangourous
64%
1977 Les aventures de Bernard et Bianca
64%
1999 Tarzan
64%
2005 Tarzan 2
64%
1997 Hercule
63%
2021 Luca
63%
2008 WALL-E
63%
2005 Lilo & Stitch 2
62%
2013 Monstres Academy
62%
1964 Merlin l'Enchanteur
61%
2019 Ralph 2.0
61%
2002 Le bossu de Notre-Dame 2
60%
2002 Lilo et Stitch
60%
2002 Monstres et Cie
60%
1996 Le Bossu de Notre-Dame
59%
1981 Rox et Rouky
59%
1999 1001 pattes
58%
2012 Les mondes de Ralph
58%
2007 Rox et Rouky 2
58%
2004 Les aventures de Petit Gourou
57%
2003 Les aventures de Porcinet
57%
2000 Les aventures de Tigrou
57%
1977 Les aventures de Winnie l'Ourson
57%
1974 Robin des bois
57%
2011 Winnie l'Ourson
57%
1997 Winnie l'Ourson 2
57%
2005 Winnie l'Ourson et l'éfélant
57%
2006 Frère des ours 2
56%
2004 Frère des ours
55%
2022 Alerte Rouge
53%
2005 Kuzco 2
53%
2001 Kuzco, l'empereur mégalo
53%
2009 Volt, star malgrés lui
53%
2001 Atlantide, l'empire perdu
52%
2023 Élémentaire
51%
2013 Planes
49%
2014 Planes 2
49%
2023 Wish : Asha et la bonne étoile
49%
2008 La fée clochette
48%
2021 Raya et le dernier dragon
48%
2002 La planète au trésor
45%
2020 En avant
44%
2015 Les nouveaux héros
44%
1985 Taram et le chaudron magique
44%
2015 Clochette et la créature légendaire
43%
2014 Clochette et la fée pirate
43%
2009 Clochette et la pierre de lune
43%
2012 Clochette et le secret des fées
43%
2015 Le voyage d'Arlo
43%
2010 Clochette et l'expedition féerique
42%
1989 Oliver et compagnie
42%
2000 Dinosaure
39%
2005 Chicken Little
38%
1965 Mary Poppins
38%
1986 Basil, détective privé
37%
2025 Elio
37%
1948 Les Trois Caballeros
35%
2004 La ferme se rebelle
33%
1991 La bande à Picsou - le film
31%
1996 Dingo et Max
30%
2007 Bienvenue chez les Robinson
29%
2000 Dingo et Max 2
29%
2022 Avalonia, l'étrange voyage
28%
2003 Le crapaud et le maître d'école
26%
1950 Coquin de printemps
25%
1978 Peter et Elliott le dragon
25%
1947 Saludos Amigos
24%
1949 La boîte à musique
23%
1951 Mélodie cocktail
22%
1946 Mélodie du sud
22%
2004 Mickey, Donald, Dingo : Les trois mousquetaires
20%
1949 Danny, le petit mouton noir
18%
2006 The wild
18%
2026 Jumpers
16%
1972 L'Apprentie sorcière
16%
Aucun quiz correspondant
Distribution des résultats
% des personnes avec chaque résultat
Percentile par nombre de réponses
Votre historique - résultats
Vous n’avez pas pris ce quiz depuis la dernière actualisation